000 00556nam a2200205Ia 4500
003 OSt
005 20230608101527.0
008 210423s2007 xx 000 0 und d
040 _cAL
041 _aeng
082 _a307.72
_223
_bVERR
100 _aVERMA (S B)
_9122252
245 _aRural based development strategies
260 _aNew Delhi
_bDeep and deep publication
_c2007
365 _b650
_cINR
650 _aRural Communities
_9122253
650 _aSociology
_9122254
906 _abased ; development ; Rural ; strategies
942 _2ddc
_cBK
999 _c175207
_d175207